=LDR 00000nam 2200000 4500 =001 INLIS000000000005239 =005 20130612093505 =008 ***********************************Ind** =035 ##$$0010-061300000005239 =041 ##$$a Ind =082 ##$$a 930.109 598 2 =090 ##$$a 930.109 598 2, Can s =100 ##$$a CANDRASASMITA, Uka =245 ##$$a Sepintas mengenai peninggalan kepurbakalaan Islam di Pensei Utara Jawa, Tjandrasasmita =260 ##$$a 1986 $b Jakarta =650 ##$$a Arkeologi =650 ##$$a Jawa =850 ##$$a NBPNMAT